Trouve le pilote de F1 (lettre D) - Statistiques

Statistiques générales
  • Ce quiz a été pris 30 fois
  • Le résultat moyen est 2 sur 7
Statistiques - réponses
Par images Réponse % Correct
Nyck de Vries
92%
Pedro de la Rosa
38%
Elio De Angelis
27%
Andrea De Cesaris
23%
Patrick Depailler
23%
Paul Di Resta
19%
Pedro Diniz
12%
Aucun quiz correspondant
Distribution des résultats
% des personnes avec chaque résultat
Percentile par nombre de réponses
Votre historique - résultats
Vous n’avez pas pris ce quiz